Tổng tập văn học dân gian người Việt T.6 Truyện cổ tích thần kỳ / B.s.: Nguyễn Thị Huế (ch.b.), Trần Thị An

Αποθηκεύτηκε σε:
Λεπτομέρειες βιβλιογραφικής εγγραφής
Άλλοι συγγραφείς: Trần Thị An (b.s.)
Μορφή: Βιβλίο
Γλώσσα:Vietnamese
Έκδοση: H. Khoa học xã hội 2004
Θέματα:
Ετικέτες: Προσθήκη ετικέτας
Δεν υπάρχουν, Καταχωρήστε ετικέτα πρώτοι!
Thư viện lưu trữ: Mạng thư viện Đại học Đà Nẵng
LEADER 01437aam a22003618a 4500
001 000015723
003 12106
005 20120531150523.0
008 120531s2004 viesd
020 |d 500b 
041 |a vie 
082 1 4 |2 14  |a 398.9  |b TON 
084 |a V3(1)-61  |b T455T 
245 |a Tổng tập văn học dân gian người Việt  |n T.6  |p Truyện cổ tích thần kỳ / B.s.: Nguyễn Thị Huế (ch.b.), Trần Thị An 
260 |a H.  |b Khoa học xã hội  |c 2004 
300 |a 993tr.  |c 25cm 
500 |a ĐTTS ghi: Viện Khoa học xã hội Việt Nam 
650 7 |2 Bộ TK TVQG  |a Văn học dân gian 
651 7 |2 Bộ TK TVQG  |a Việt Nam 
655 7 |2 Bộ TK TVQG  |a Truyện cổ tích 
700 0 |a Trần Thị An  |e b.s. 
773 |d H.  |d Khoa học xã hội  |d 2004  |n ĐTTS ghi: Viện Khoa học xã hội Việt Nam  |t Tổng tập văn học dân gian người Việt  |w 255388 
773 |t Tổng tập văn học dân gian người Việt  |w 1825 
OWN |a LSP 
AVA |a UDN50  |b LSP  |d 398.9 TON  |e available  |t Error 5001 Not defined in file expand_doc_bib_avail.  |f 1  |g 0  |h N  |i 0  |k 1 
999 |a From the UDN01 
AVA |a UDN50  |b LSP  |d 398.9 TON  |e available  |t Error 5001 Not defined in file expand_doc_bib_avail.  |f 1  |g 0  |h N  |i 0  |k 1 
TYP |a Monograph 
TYP |a Printed language 
980 |a Mạng thư viện Đại học Đà Nẵng